Asalto al paraíso

Salvato in:
Dettagli Bibliografici
Autore principale: Lobo, Tatiana
Natura: Libro
Lingua:Undetermined
Pubblicazione: San José, Costa Rica Editorial de la Universidad de Costa Rica 1998
Edizione:5
Soggetti:
Tags: Aggiungi Tag
Nessun Tag, puoi essere il primo ad aggiungerne!!

MARC

LEADER 00000nam a2200000Ia 4500
008 170316s9999 xx 000 0 und d
040 |a cru BVZT 
090 |a 868 L-8a 
100 |a Lobo, Tatiana 
245 |a Asalto al paraíso 
250 |a 5 
260 |a San José, Costa Rica 
260 |b Editorial de la Universidad de Costa Rica 
260 |c 1998 
300 |a 325 páginas 
650 |a LITERATURA COSTARRICENSE 
650 |a NOVELA 
999 |c 11271  |d 11271 
942 |c 15 D  |h 868 L-8a  |2 z